00323nam a2200145Ia 45000030006000000080041000060400015000471000016000622450049000782500006001272600009001333000006001425460012001480050017001600STCL150530s9999 xx 000 0 und d aSTCLcSTCL aKunders G D aHospitals Facilities Planning And Management a1 c2005 a0 aEnglish20220125165731.0